Poemas de Somosaguas / (Record no. 35390)

MARC details
000 -LEADER
campo de control de longitud fija 00628nam a2200193 i 4500
001 - NÚMERO DE CONTROL
campo de control 35390
003 - IDENTIFICADOR DE NÚMERO DE CONTROL
campo de control ES-MaACL
005 - FECHA Y HORA DE LA ÚLTIMA TRANSACCIÓN
campo de control 20230906155123.0
007 - CAMPO FIJO DE DESCRIPCIÓN FÍSICA--INFORMACIÓN GENERAL
campo de control de longitud fija t|
008 - DATOS DE LONGITUD FIJA--INFORMACIÓN GENERAL
campo de control de longitud fija 030212s1972 sp ||||1| spa d
100 1# - ENTRADA PRINCIPAL--NOMBRE DE PERSONA
Nombre de persona Bosé, Lucía.
9 (RLIN) 30681
245 10 - MENCIÓN DEL TÍTULO
Título Poemas de Somosaguas /
Mención de responsabilidad, etc. Lucía Bosé ; [versión castellana: Terenci Moix ; reportaje gráfico: Alfonso Viada, Gigi Corbetta].
260 ## - PUBLICACIÓN, DISTRIBUCIÓN, ETC.
Lugar de publicación, distribución, etc. [Madrid] :
Nombre del editor, distribuidor, etc. Ediciones 99,
Fecha de publicación, distribución, etc. [1972]
300 ## - DESCRIPCIÓN FÍSICA
Extensión 199 p. :
Otras características físicas il. ;
Dimensiones 22 cm.
700 1# - ENTRADA AGREGADA--NOMBRE PERSONAL
Nombre de persona Moix, Terenci.
9 (RLIN) 81822
700 1# - ENTRADA AGREGADA--NOMBRE PERSONAL
Nombre de persona Viada, Alfonso.
9 (RLIN) 114254
700 1# - ENTRADA AGREGADA--NOMBRE PERSONAL
Nombre de persona Corbetta, Gigi.
9 (RLIN) 40464
852 ## - LOCALIZACIÓN
Ubicación ES-MaACL
Número de control de estantería C-49337
Sublocalización o colección R.84298
Holdings
Estatus retirado Estado de pérdida Estado de daño No para préstamo Biblioteca de origen Biblioteca actual Ubicación en estantería Fecha de adquisición Fuente de adquisición Total de préstamos Signatura topográfica completa Código de barras Visto por última vez Precio de reemplazo Tipo de ítem Koha
        Biblioteca del Ateneo de Madrid Biblioteca del Ateneo de Madrid Depósito 2 17/01/2008     C-49337 1037023 23/02/2023 23/02/2023 Libro impreso